Huellas y tejidos / (Registro nro. 37493)
[ vista simple ]
| 000 -CABECERA | |
|---|---|
| Longitud fija campo de control | 00679nam a2200217 4500 |
| 003 - • IDENTIFICADOR DELl NÚMERO DE CONTROL | |
| Identificador del número de control | CO-ViMGA |
| 020 ## - • NÚMERO INTERNACIONAL NORMALIZADO PARA LIBROS | |
| Número Internacional Normalizado para Libros (ISBN) | 9789588827018 |
| 040 ## - FUENTE DE LA CATALOGACIÓN | |
| Centro catalogador de origen | CO-ViMGA |
| Lengua de catalogación | spa |
| Centro transcriptor | CO-ViMGA |
| 082 04 - • NÚMERO DE LA CLASIFICACIÓN DECIMAL DEWEY | |
| Número de clasificación (R) | 780 L13h |
| 100 1# - • PUNTO DE ACCESO PRINCIPAL-NOMBRE DE PERSONA | |
| Nombre de persona | Lagos, Andrés |
| 245 10 - • TITULO PROPIAMENTE DICHO | |
| Título | Huellas y tejidos / |
| Resto del título | Historia de la danza Contemporanea en Colombia |
| 300 ## - • DESCRIPCIÓN FÍSICA | |
| Extensión | 319 p. : |
| Otras características físicas | Il. dibujos; 23 cm. |
| 490 ## - • MENCIÓN DE SERIE | |
| Mención de serie | Andrés Lagos |
| 500 ## - • NOTA GENERAL | |
| Nota general | Investigación Cuerpo y Memoria de la Danza. |
| 650 14 - • PUNTO DE ACCESO ADICIONAL DE MATERIA - TÉRMINO DE MATERIA | |
| Término de materia o nombre geográfico como elemento inicial | Musica |
| 700 1# - • PUNTO DE ACCESO ADICIONAL - NOMBRE DE PERSONA | |
| Nombre de persona | Atuesta, Juliana |
| Término indicativo de función | coaut. |
| 700 1# - • PUNTO DE ACCESO ADICIONAL - NOMBRE DE PERSONA | |
| Nombre de persona | Carvajal, Bibiana |
| Término indicativo de función | coaut. |
| 700 1# - • PUNTO DE ACCESO ADICIONAL - NOMBRE DE PERSONA | |
| Nombre de persona | Roa, Margarita |
| Término indicativo de función | coaut. |
| 942 ## - ENTRADA DE ELEMENTOS AGREGADOS (KOHA) | |
| Fuente de clasificaión o esquema | Dewey Decimal Classification |
| Koha [por defecto] tipo de item | LIbro |
| Perdido | Fuente de clasificación o esquema | Estado Físico | No para préstamo | Forma de adquisición | Localización permanente | Localización actual | Fecha adquisición | Préstamos totales | Signatura completa | Código de barras | Fecha última consulta | Número de copia | Fecha del precio de reemplazo | Tipo de item de Koha | Localización en estanterías | Note pública |
|---|---|---|---|---|---|---|---|---|---|---|---|---|---|---|---|---|
| Sala General | Biblioteca Pública Departamental Eduardo Carranza - Villavicencio | Biblioteca Pública Departamental Eduardo Carranza - Villavicencio | 08/25/2015 | 792.809861 C65h | ECA24001 | 11/26/2024 | Ej.1 | 11/26/2024 | LIbro | General | 18004 | 23035 | |||||
| Dewey Decimal Classification | Sala General Segundo Piso | Biblioteca Pública Germán Arciniegas - Villavicencio | Biblioteca Pública Germán Arciniegas - Villavicencio | 09/21/2016 | 780 L13h | 31158 | 09/21/2016 | Ej. 1 | 09/21/2016 | LIbro | ||||||
| Dewey Decimal Classification | Sala General Segundo Piso | Biblioteca Pública Germán Arciniegas - Villavicencio | Biblioteca Pública Germán Arciniegas - Villavicencio | 09/21/2016 | 780 L13h | 031158 | 06/15/2017 | Ej. 2 | 06/15/2017 | LIbro |